Kształty państw na literę I - Statystyki

Ogólne statystyki
  • Ten quiz został rozwiązany 33 644 razy
  • Średni wynik to 6 z 7
Statystyki odpowiedzi
Obrazkowy Odpowiedź % Poprawnych
Indonezja
98%
Islandia
96%
Indie
94%
Iran
91%
Irak
90%
Irlandia
87%
Izrael
77%
Nie znaleziono quizów pasujących do podanych kryteriów
Rozkład punktacji
Procent ludzi z każdym wynikiem
Percentyl według liczby udzielonych odpowiedzi
Twoja historia wyników
Nie rozwiązałeś tego quizu